Catalogo generale della libreria italiana dall'anno 1847 a tutto il 1899 / (Record no. 161242)
[ view plain ]
| 000 -LEADER | |
|---|---|
| campo de control de longitud fija | 00810nam a22002055i 4500 |
| 001 - NÚMERO DE CONTROL | |
| campo de control | 161242 |
| 003 - IDENTIFICADOR DE NÚMERO DE CONTROL | |
| campo de control | ES-MaACL |
| 005 - FECHA Y HORA DE LA ÚLTIMA TRANSACCIÓN | |
| campo de control | 20230906212230.0 |
| 008 - DATOS DE LONGITUD FIJA--INFORMACIÓN GENERAL | |
| campo de control de longitud fija | 041014m19011905it |||| | ita d |
| 040 ## - FUENTE DE CATALOGACIÓN | |
| Centro catalogador/agencia de origen | CAM |
| Lengua de catalogación | spa |
| Centro/agencia transcriptor | CAM |
| 100 1# - ENTRADA PRINCIPAL--NOMBRE DE PERSONA | |
| Nombre de persona | Pagliaini, Attilio. |
| 9 (RLIN) | 130769 |
| 245 10 - MENCIÓN DEL TÍTULO | |
| Título | Catalogo generale della libreria italiana dall'anno 1847 a tutto il 1899 / |
| Mención de responsabilidad, etc. | compilato dal prof. Attilio Pagliaini. |
| 260 ## - PUBLICACIÓN, DISTRIBUCIÓN, ETC. | |
| Lugar de publicación, distribución, etc. | Milano : |
| Nombre del editor, distribuidor, etc. | pubblicato a cura dell'Associzione Tipografico-Libraria Italiana, |
| Fecha de publicación, distribución, etc. | 1901-1905 ( |
| Fabricante | tip. L. di G. Pirola di Enrico Rubini) |
| 300 ## - DESCRIPCIÓN FÍSICA | |
| Extensión | 3 v. (VIII, 840 ; 890 ; 861 p.) ; |
| Dimensiones | 29 cm. |
| 505 8# - NOTA DE CONTENIDO CON FORMATO | |
| Nota de contenido con formato | T. I. A-D -- T. II. E-O -- T. III. P-Z |
| 650 #4 - PUNTO DE ACCESO ADICIONAL DE MATERIA--TÉRMINO DE MATERIA | |
| Término de materia o nombre geográfico como elemento de entrada | Italia- |
| Subdivisión de forma | Bibliografías. |
| 9 (RLIN) | 223470 |
| 752 ## - ENTRADA AGREGADA--NOMBRE JERÁRQUICO DEL LUGAR | |
| País o entidad superior | Italia - |
| Ciudad | Milán |
| 852 ## - LOCALIZACIÓN | |
| Ubicación | ES-MaACL |
| Número de control de estantería | G-5796-5798 |
| Nota libre | -- Enc. hol. |
| Estatus retirado | Estado de pérdida | Estado de daño | No para préstamo | Biblioteca de origen | Biblioteca actual | Ubicación en estantería | Fecha de adquisición | Fuente de adquisición | Total de préstamos | Signatura topográfica completa | Código de barras | Visto por última vez | Precio de reemplazo | Tipo de ítem Koha |
|---|---|---|---|---|---|---|---|---|---|---|---|---|---|---|
| Biblioteca del Ateneo de Madrid | Biblioteca del Ateneo de Madrid | Depósito 2 | 17/01/2008 | G-5796-5798 | 1168890 | 23/02/2023 | 23/02/2023 | Libro impreso antiguo |
